000 00436nam a2200097Ia 4500
005 20250424112859.0
008 250424s9999 xx 000 0 und d
300 _a130 p. 25 cm.
650 _a African literature--History and criticism--Periodicals. African poetry--History and criticism--Periodicals. African fiction--History and criticism--Periodicals. Postcolonialism--Africa--Periodicals. Africa--History--Periodicals.
942 _cSR
999 _c37671
_d37671